| 000 | 00731nam a2200229 a 4500 | ||
|---|---|---|---|
| 003 | BD-DhJNU | ||
| 005 | 20250116051429.0 | ||
| 008 | 250114s2009 bg a rb f100 0 eng | ||
| 020 | _a9788180302930 | ||
| 040 |
_aBD-DhJNU _bENG _cBD-DhJNU _dBD-DhJNU |
||
| 082 | 0 | 0 |
_a530.78 PAE _223 |
| 100 | 1 | _aPatel, Nishant | |
| 245 | 1 | 0 |
_aEncyclopaedia of experiments in physics, Vol. : 1-10 / _cNishant Patel and Gautham Sharma |
| 250 | _a1st ed. | ||
| 260 |
_aNew Delhi : _bCrescent Publishing Corporation, _c2009. |
||
| 300 |
_av, 268 p. : _bill. ; _c23 cm. |
||
| 490 | _v Vol. : 1-10 | ||
| 504 | _aIncludes bibliographical references and index. | ||
| 650 | 0 | _aPhysics Experiments | |
| 650 | 0 | _aEncyclopedias | |
| 700 | 1 | _aSharma, Gautham | |
| 999 |
_c1097 _d1097 |
||